Dealing with Emotions A Pedagogical Challenge to Innovative Learning /

Education is always evolving, consistently with a society in flux. So transformations in learning and pedagogy are necessary. These endless, rapid changes in pedagogy influence students and educators in a variety of ways and awake diverse emotions, from happiness to fear, from joy to anger. Emotions...

Full description

Bibliographic Details
Corporate Author: SpringerLink (Online service)
Other Authors: Lund, Birthe (Editor), Chemi, Tatiana (Editor)
Format: Electronic eBook
Language:English
Published: Rotterdam : SensePublishers : Imprint: SensePublishers, 2015.
Series:Creative Education Book Series
Subjects:
Online Access:Full Text via HEAL-Link
LEADER 02626nam a22004095i 4500
001 978-94-6300-064-2
003 DE-He213
005 20151204165617.0
007 cr nn 008mamaa
008 150625s2015 ne | s |||| 0|eng d
020 |a 9789463000642  |9 978-94-6300-064-2 
024 7 |a 10.1007/978-94-6300-064-2  |2 doi 
040 |d GrThAP 
050 4 |a L1-991 
072 7 |a JN  |2 bicssc 
072 7 |a EDU000000  |2 bisacsh 
082 0 4 |a 370  |2 23 
245 1 0 |a Dealing with Emotions  |h [electronic resource] :  |b A Pedagogical Challenge to Innovative Learning /  |c edited by Birthe Lund, Tatiana Chemi. 
264 1 |a Rotterdam :  |b SensePublishers :  |b Imprint: SensePublishers,  |c 2015. 
300 |a XVIII, 136 p.  |b online resource. 
336 |a text  |b txt  |2 rdacontent 
337 |a computer  |b c  |2 rdamedia 
338 |a online resource  |b cr  |2 rdacarrier 
347 |a text file  |b PDF  |2 rda 
490 1 |a Creative Education Book Series 
520 |a Education is always evolving, consistently with a society in flux. So transformations in learning and pedagogy are necessary. These endless, rapid changes in pedagogy influence students and educators in a variety of ways and awake diverse emotions, from happiness to fear, from joy to anger. Emotions are proven to influence the ways students interact with the world. In the present book, the authors reflect on emotions and education from multiple perspectives: the socio-cultural perspective that looks at interactions among individuals, the creation and recreation of the self and others, the study of collaboration, change processes (transformative learning) and aesthetic and creative learning processes. The purpose of this volume is to reflect on students’ and educators’ emotional responses. The construction of a safe, stimulating learning climate is essential in innovative learning processes - emotional interactions, student-teacher relations and student-student interaction lay the foundation for collaboration and deep learning. The present book offers empirical documentation and theoretical reflections on how pedagogical and educational changes might challenge or facilitate learning for students and educators. 
650 0 |a Education. 
650 1 4 |a Education. 
650 2 4 |a Education, general. 
700 1 |a Lund, Birthe.  |e editor. 
700 1 |a Chemi, Tatiana.  |e editor. 
710 2 |a SpringerLink (Online service) 
773 0 |t Springer eBooks 
830 0 |a Creative Education Book Series 
856 4 0 |u http://dx.doi.org/10.1007/978-94-6300-064-2  |z Full Text via HEAL-Link 
912 |a ZDB-2-SHU 
950 |a Humanities, Social Sciences and Law (Springer-11648)